| 000 | 00421nam a2200169Ia 4500 | ||
|---|---|---|---|
| 008 | 100416t2008 xxu||||| |||| 00| 0 sin d | ||
| 041 | _asin | ||
| 080 |
_ax8S31 _bGUN |
||
| 100 | _aGunasekara, Leel | ||
| 245 | _aඅත්සන | ||
| 246 | _aAthsana ( LIB / 63 / 6 / 31 ) | ||
| 260 |
_bSarasavi _aColombo _c2008 |
||
| 300 | _a128p., 21 cm | ||
| 942 | _cBK | ||
| 999 |
_c72968 _d72968 |
||
| 003 | LK-CoDNM | ||
| 040 |
_aLK-CoDNM _dLK-CoDNM _eLK-CoDNM |
||